The Bug Book : Adjectives

Bibliographic Details
Main Author: Fleming, Maria
Format: Book
Language:English
Published: USA : Scholastic Inc. , 2008
Series:Grammar Tales
Subjects:

MARC

LEADER 00000cam a2200000 7i4500
001 0000095005
005 20120620.0
008 110108 eng
020 |a 0439458188 
090 0 0 |a 423 FLE 
100 1 |a Fleming, Maria 
245 1 4 |a The Bug Book :   |b Adjectives   |c Maria Fleming, Illustrated By Gary Swift 
260 |a USA :   |b Scholastic Inc. ,   |c 2008 
300 |a 16p. :   |b col. ill. ;   |c 26 cm. 
440 0 |a Grammar Tales 
650 0 0 |a English language   |x Adjectives   |x Handbooks,manuals, etc. 
999 |a 0000127344   |b Buku   |c Lincoln Corner Pinjaman Kanak-kanak   |e Perpustakaan Komuniti UTC Melaka